| 000 | 00474nam a22001817a 4500 | ||
|---|---|---|---|
| 999 |
_c8168 _d8168 |
||
| 003 | GBCCL | ||
| 005 | 20241126110644.0 | ||
| 008 | 190628b ||||| |||| 00| 0 eng d | ||
| 040 | _cGBC | ||
| 082 |
_a239 _bLIT |
||
| 100 |
_aLittle, Paul _914220 |
||
| 245 | _aFaith is for people | ||
| 260 |
_aSanta Ana, Calif. : _bVision House Publishers, _c1976. |
||
| 300 | _a119 pages ; 18 cm | ||
| 650 |
_aApologetics. _985 |
||
| 650 |
_aChristian life. _9183 |
||
| 942 |
_2ddc _cBK _013 |
||